[Event "Catalunya-chT Gp1"]
[Site "Barcelona"]
[Date "2024.01.27"]
[Round "2.2"]
[White "Narciso Dublan, Marc"]
[Black "Glek, Igor Vladimirovich"]
[Result "1-0"]
[WhiteElo "2420"]
[BlackElo "2423"]
[PlyCount "101"]
[EventDate "2024.01.20"]
[EventType "team-tourn"]
[EventRounds "7"]
[EventCountry "ESP"]
[SourceTitle "CB06_2024"]
[SourceDate "2024.02.07"]
[SourceVersion "1"]
[SourceVersionDate "2024.02.07"]
[SourceQuality "1"]
[WhiteTeam "Ateneu Colon"]
[BlackTeam "Olot"]
[WhiteTeamCountry "ESP"]
[BlackTeamCountry "ESP"]

1. d4 d5 2. Nf3 Nf6 3. e3 c5 4. dxc5 e6 5. b4 a5 6. c3 axb4 7. cxb4 b6 8. Bb5+ Bd7 9. Bxd7+ Nbxd7 10. a4 bxc5 11. b5 Bd6 12. Bb2 g5 13. Qe2 g4 14. Nfd2 Be5 15. Bxe5 Nxe5 16. 0-0 Rg8 17. f4 gxf3 18. Nxf3 Qd6 19. Nbd2 Nfg4 20. a5 Ke7 21. h3 Nxf3+ 22. Nxf3 Nf6 23. Qf2 Ne4 24. Qh4+ Kd7 25. Ra2 Rg7 26. b6 Kc6 27. Rb1 Kb7 28. a6+ Rxa6 29. Rxa6 Kxa6 30. b7 Rg8 31. Qe1 Rb8 32. Qe2+ Ka7 33. Qb2 Qa6 34. Ra1 Rxb7 35. Rxa6+ Kxa6 36. Qh8 Ka7 37. Qxh7 c4 38. Qh8 c3 39. Nd4 Rb1+ 40. Kh2 Nd2 41. Kg3 f6 42. Qh7+ Rb7 43. Qd3 Ne4+ 44. Kh2 Rb2 45. h4 f5 46. h5 e5 47. Nb5+ Kb8 48. Qxd5 Nf2 49. Qxe5+ Kb7 50. Nd6+ Ka6 51. Qxc3 1-0

[Event "Sant Boi de Llobregat op 4th"]
[Site "Sant Boi de Llobregat"]
[Date "2023.12.06"]
[Round "7"]
[White "Narciso Dublan, Marc"]
[Black "Szpar, Milosz"]
[Result "1/2-1/2"]
[WhiteElo "2424"]
[BlackElo "2485"]
[PlyCount "76"]
[EventDate "2023.11.30"]
[EventType "swiss"]
[EventRounds "9"]
[EventCountry "ESP"]
[SourceTitle "CB50_2023"]
[SourceDate "2023.12.13"]
[SourceVersion "1"]
[SourceVersionDate "2023.12.13"]
[SourceQuality "1"]

1. d4 d5 2. Nf3 Nf6 3. e3 c5 4. dxc5 e6 5. b4 a5 6. c3 axb4 7. cxb4 b6 8. Bb5+ Bd7 9. Bxd7+ Nbxd7 10. a4 bxc5 11. b5 Bd6 12. Bb2 g5 13. h3 Rg8 14. Nbd2 Qb8 15. g4 e5 16. e4 Kf8 17. Ng1 Qb7 18. Ne2 dxe4 19. Nc4 Bc7 20. Ng3 Rg6 21. Nd6 Bxd6 22. Qxd6+ Kg8 23. Nf5 Re8 24. Ne7+ Rxe7 25. Qxe7 e3 26. 0-0-0 e2 27. Rde1 Qe4 28. Rhg1 Qc4+ 29. Kb1 Qe4+ 30. Kc1 Qc4+ 31. Kb1 Qd3+ 32. Kc1 Ne4 33. Rxe2 Qxe2 34. Qxd7 Nd6 35. Rd1 Qc4+ 36. Kb1 Qe4+ 37. Kc1 Qc4+ 38. Kb1 Qe4+ 1/2-1/2

[Event "Sant Boi de Llobregat op 4th"]
[Site "Sant Boi de Llobregat"]
[Date "2023.12.01"]
[Round "2"]
[White "Aditya, Mittal"]
[Black "Narciso Dublan, Marc"]
[Result "1-0"]
[WhiteElo "2595"]
[BlackElo "2424"]
[PlyCount "91"]
[EventDate "2023.11.30"]
[EventType "swiss"]
[EventRounds "9"]
[EventCountry "ESP"]
[SourceTitle "CB50_2023"]
[SourceDate "2023.12.13"]
[SourceVersion "1"]
[SourceVersionDate "2023.12.13"]
[SourceQuality "1"]

1. e4 e6 2. d4 d5 3. Nc3 Bb4 4. e5 c5 5. a3 Bxc3+ 6. bxc3 Nc6 7. Qg4 g6 8. Qf4 Qa5 9. Bd2 c4 10. a4 Bd7 11. h4 h6 12. Ne2 Rh7 13. g4 0-0-0 14. Bg2 Rf8 15. h5 g5 16. Qg3 Nge7 17. 0-0 Rg8 18. Bc1 Kb8 19. f4 gxf4 20. Rxf4 Rgg7 21. Rf6 Ng8 22. Ba3 Ka8 23. Rff1 Qd8 24. Rf4 a5 25. Qf2 Na7 26. Ng3 Bxa4 27. Nf1 Bc6 28. Ne3 b6 29. Rb1 Ne7 30. Qf1 Nec8 31. Rf6 b5 32. Qf4 Nb6 33. Rxh6 Na4 34. Qf6 Qg8 35. Rxh7 Rxh7 36. Ra1 Nxc3 37. Bd6 a4 38. Kf2 Qc8 39. h6 Bb7 40. Bb4 Ne4+ 41. Bxe4 dxe4 42. g5 Nc6 43. Bc5 Nb8 44. Qe7 Qg8 45. Nxc4 e3+ 46. Ke2 1-0

[Event "Mediterranean-ch 13th"]
[Site "Platja d'Aro"]
[Date "2023.11.08"]
[Round "6"]
[White "Narciso Dublan, Marc"]
[Black "Lazaro Pujol, Abel"]
[Result "1-0"]
[WhiteElo "2413"]
[BlackElo "2293"]
[PlyCount "81"]
[EventDate "2023.11.04"]
[EventType "swiss"]
[EventRounds "9"]
[EventCountry "ESP"]
[SourceTitle "CB46_2023"]
[SourceDate "2023.11.15"]
[SourceVersion "1"]
[SourceVersionDate "2023.11.15"]
[SourceQuality "1"]

1. c4 e6 2. g3 d5 3. Bg2 Nf6 4. Nf3 d4 5. 0-0 c5 6. e3 Nc6 7. exd4 cxd4 8. d3 h6 9. Bf4 Nd7 10. Na3 Bc5 11. Nc2 a5 12. b3 0-0 13. a3 e5 14. Bd2 Qe7 15. Re1 Ra6 16. b4 axb4 17. axb4 Nxb4 18. Nxb4 Bxb4 19. Bxb4 Qxb4 20. Nxe5 Nxe5 21. Rxe5 Rxa1 22. Qxa1 Bd7 23. h4 Qc3 24. Qb1 Bc6 25. Bxc6 bxc6 26. Qd1 Qa3 27. Qe2 Qd6 28. h5 Qf6 29. Qe4 Rd8 30. Kg2 Kf8 31. Rc5 Rd6 32. Qh7 g5 33. hxg6 Qxg6 34. Qh8+ Qg8 35. Qe5 Qg6 36. Ra5 Rd8 37. Qh8+ Ke7 38. Ra7+ Rd7 39. Ra8 f6 40. Qf8+ Ke6 41. Re8+ 1-0

[Event "Mediterranean-ch 13th"]
[Site "Platja d'Aro"]
[Date "2023.11.05"]
[Round "2"]
[White "Lever, Erwan"]
[Black "Narciso Dublan, Marc"]
[Result "1/2-1/2"]
[WhiteElo "2174"]
[BlackElo "2413"]
[PlyCount "70"]
[EventDate "2023.11.04"]
[EventType "swiss"]
[EventRounds "9"]
[EventCountry "ESP"]
[SourceTitle "CB46_2023"]
[SourceDate "2023.11.15"]
[SourceVersion "1"]
[SourceVersionDate "2023.11.15"]
[SourceQuality "1"]

1. d4 e6 2. c4 f5 3. g3 Nf6 4. Bg2 d5 5. Nf3 Bd6 6. 0-0 0-0 7. b3 b6 8. Bb2 Bb7 9. Nbd2 a5 10. a3 Ne4 11. Ne5 Bxe5 12. dxe5 Qe7 13. Nf3 dxc4 14. bxc4 Nc5 15. Qc2 Be4 16. Qc3 Na4 17. Qb3 Nxb2 18. Qxb2 Nc6 19. Rfc1 Rfd8 20. Ne1 Bxg2 21. Kxg2 Qc5 22. Nf3 h6 23. h4 a4 24. Rab1 Ra5 25. e3 Rd3 26. Rd1 Qxa3 27. Qxa3 Rxa3 28. Rd7 Rb3 29. Rbd1 a3 30. Rxc7 a2 31. Rdd7 a1Q 32. Rxg7+ Kf8 33. Rh7 Kg8 34. Rhg7+ Kf8 35. Rh7 Kg8 1/2-1/2

[Event "Barcelona Sant Marti op-A 23rd"]
[Site "Barcelona"]
[Date "2023.07.16"]
[Round "4"]
[White "Hernando Rodrigo, Julio Antonio"]
[Black "Narciso Dublan, Marc"]
[Result "1/2-1/2"]
[WhiteElo "2240"]
[BlackElo "2424"]
[PlyCount "123"]
[EventDate "2023.07.13"]
[EventType "swiss"]
[EventRounds "9"]
[EventCountry "ESP"]
[SourceTitle "CBM 215 Extra"]
[Source "ChessBase"]
[SourceDate "2023.09.30"]
[SourceVersion "1"]
[SourceVersionDate "2023.09.30"]
[SourceQuality "1"]

1. d4 e6 2. c4 f5 3. Nf3 Nf6 4. g3 Bb4+ 5. Bd2 Be7 6. Bg2 d5 7. 0-0 0-0 8. Nc3 c6 9. Qc2 Ne4 10. Rad1 Nxd2 11. Rxd2 Nd7 12. a3 Rb8 13. b4 dxc4 14. e4 b5 15. d5 cxd5 16. Nd4 Qb6 17. exd5 Bg5 18. Rdd1 Nf6 19. dxe6 Bxe6 20. Rfe1 Bd7 21. Nf3 Bh6 22. Ne5 Be8 23. Qxf5 g6 24. Qc2 Bg7 25. Kh1 Rd8 26. f4 Rxd1 27. Rxd1 Qe3 28. a4 a6 29. axb5 axb5 30. Ne2 g5 31. Qd2 gxf4 32. gxf4 Qxd2 33. Rxd2 Bh6 34. Rd6 Bh5 35. Bf3 Bxf3+ 36. Nxf3 Bxf4 37. Nxf4 Ne4 38. Rc6 Rxf4 39. Kg2 Nc3 40. Rc5 h6 41. Ne5 Re4 42. Kf3 Re1 43. Kg4 Kf8 44. Kf5 Ke7 45. Nc6+ Kd6 46. Nd4 Rh1 47. Nxb5+ Nxb5 48. Rxb5 Rxh2 49. Ke4 c3 50. Rc5 c2 51. Kf3 h5 52. Kg3 Rd2 53. Kh4 Rd4+ 54. Kh3 Rd2 55. Kh4 Re2 56. Kg3 Ke6 57. Kh3 Kd7 58. Kg3 Kd6 59. Kh3 Re3+ 60. Kh4 Re4+ 61. Kh3 Re2 62. Kg3 1/2-1/2

[Event "Barbera del Valles op 45th"]
[Site "Barbera del Valles"]
[Date "2023.07.11"]
[Round "8"]
[White "Valenzuela Gomez, Fernando Alberto"]
[Black "Narciso Dublan, Marc"]
[Result "1-0"]
[WhiteElo "2403"]
[BlackElo "2424"]
[PlyCount "61"]
[EventDate "2023.07.04"]
[EventType "swiss"]
[EventRounds "9"]
[EventCountry "ESP"]
[SourceTitle "CBM 215 Extra"]
[Source "ChessBase"]
[SourceDate "2023.09.30"]
[SourceVersion "1"]
[SourceVersionDate "2023.09.30"]
[SourceQuality "1"]

1. d4 d5 2. Nf3 e6 3. c4 Nf6 4. Nc3 a6 5. cxd5 exd5 6. Bg5 Be6 7. Bxf6 Qxf6 8. Qb3 Ra7 9. h4 Qd8 10. Ng5 c5 11. dxc5 Nd7 12. 0-0-0 Nxc5 13. Qc2 Be7 14. f4 b5 15. Kb1 Rc7 16. f5 b4 17. fxe6 bxc3 18. exf7+ Kf8 19. e4 h6 20. Rxd5 Rd7 21. Rxd7 Qxd7 22. Nf3 Qe6 23. Bd3 Nxd3 24. Qxd3 Kxf7 25. Rf1 Kg8 26. Nd4 Qb6 27. Qxc3 Kh7 28. Nf5 Bf6 29. e5 Qb5 30. Re1 Rb8 31. Nd4 1-0

[Event "Llinars del Valles 3rd"]
[Site "Llinars del Valles"]
[Date "2023.06.28"]
[Round "4"]
[White "Cruz Estrada, Filemon"]
[Black "Narciso Dublan, Marc"]
[Result "1/2-1/2"]
[WhiteElo "2290"]
[BlackElo "2424"]
[PlyCount "90"]
[EventDate "2023.06.25"]
[EventType "swiss"]
[EventRounds "9"]
[EventCountry "ESP"]
[SourceTitle "CBM 215 Extra"]
[Source "ChessBase"]
[SourceDate "2023.09.30"]
[SourceVersion "1"]
[SourceVersionDate "2023.09.30"]
[SourceQuality "1"]

1. Nf3 d5 2. c4 d4 3. e3 Nc6 4. d3 e5 5. a3 dxe3 6. Bxe3 Nge7 7. Be2 Nf5 8. Bd2 Nfd4 9. Nxd4 Nxd4 10. Nc3 Bf5 11. Ne4 Qd7 12. Bc3 0-0-0 13. Bxd4 Qxd4 14. Qc2 Be7 15. Rd1 h5 16. 0-0 g5 17. c5 Kb8 18. c6 b6 19. a4 a5 20. Rc1 g4 21. Nc3 Be6 22. Rfe1 h4 23. Nb5 Qb4 24. d4 exd4 25. Qd3 Bc8 26. Kf1 g3 27. fxg3 hxg3 28. Qxg3 Bd6 29. Nxd6 Rxd6 30. Bd3 Qd2 31. Kg1 Re6 32. Red1 Qh6 33. Re1 Rxc6 34. Rxc6 Qxc6 35. Qg7 Re8 36. Rxe8 Qxe8 37. Qxd4 Qe1+ 38. Bf1 Ba6 39. Qd8+ Bc8 40. h4 f5 41. h5 Qe3+ 42. Kh1 Qc1 43. Kg1 Qe3+ 44. Kh1 Qc1 45. Kg1 Qe3+ 1/2-1/2

[Event "Barcelona Canovelles op 17th"]
[Site "Barcelona"]
[Date "2023.05.07"]
[Round "1"]
[White "Narciso Dublan, Marc"]
[Black "Richert, Cristian Alejandro"]
[Result "1-0"]
[WhiteElo "2424"]
[BlackElo "1780"]
[PlyCount "57"]
[EventDate "2023.05.07"]
[EventType "swiss (rapid)"]
[EventRounds "9"]
[EventCountry "ESP"]
[SourceTitle "CBM 214 Extra"]
[Source "ChessBase"]
[SourceDate "2023.07.31"]
[SourceVersion "1"]
[SourceVersionDate "2023.07.31"]
[SourceQuality "1"]

1. e4 c5 2. Nc3 Nc6 3. g3 Nf6 4. Bg2 e5 5. d3 Be7 6. f4 d6 7. Nf3 0-0 8. 0-0 a6 9. a4 Rb8 10. h3 Bd7 11. g4 exf4 12. Bxf4 b5 13. axb5 axb5 14. Ne2 Qb6 15. Ng3 Be6 16. g5 Nd7 17. Nf5 Bxf5 18. exf5 Nde5 19. Kh1 Nxf3 20. Bxf3 Nd4 21. f6 gxf6 22. gxf6 Bxf6 23. Bh6 Rfe8 24. Bd5 Qd8 25. Ra7 Ne2 26. Rxf7 Ng3+ 27. Kg2 Re2+ 28. Qxe2 Nxe2 29. Rf8# 1-0

[Event "Barcelona Canovelles op 17th"]
[Site "Barcelona"]
[Date "2023.05.07"]
[Round "3"]
[White "Narciso Dublan, Marc"]
[Black "Vehi Bach, Victor Manuel"]
[Result "1-0"]
[WhiteElo "2424"]
[BlackElo "2236"]
[PlyCount "51"]
[EventDate "2023.05.07"]
[EventType "swiss (rapid)"]
[EventRounds "9"]
[EventCountry "ESP"]
[SourceTitle "CBM 214 Extra"]
[Source "ChessBase"]
[SourceDate "2023.07.31"]
[SourceVersion "1"]
[SourceVersionDate "2023.07.31"]
[SourceQuality "1"]

1. e4 c5 2. Nc3 a6 3. g3 b5 4. Bg2 Bb7 5. Nh3 e6 6. 0-0 Nf6 7. d3 d6 8. f4 b4 9. Nb1 d5 10. e5 Nfd7 11. Nd2 Nc6 12. Nf3 Be7 13. c4 bxc3 14. bxc3 Qc7 15. Rb1 0-0 16. Qe2 a5 17. f5 exf5 18. e6 fxe6 19. Nf4 Nd8 20. Nxe6 Nxe6 21. Qxe6+ Rf7 22. Ng5 Bxg5 23. Rxb7 Nf8 24. Qxf7+ Qxf7 25. Rxf7 Bxc1 26. Rxc1 1-0

[Event "San Sebastian op 43rd"]
[Site "San Sebastian"]
[Date "2023.04.04"]
[Round "5"]
[White "Larkin, Vladislav"]
[Black "Narciso Dublan, Marc"]
[Result "1-0"]
[WhiteElo "2450"]
[BlackElo "2429"]
[PlyCount "97"]
[EventDate "2023.04.01"]
[EventType "swiss"]
[EventRounds "9"]
[EventCountry "ESP"]
[SourceTitle "CBM 213 Extra"]
[Source "ChessBase"]
[SourceDate "2023.05.31"]
[SourceVersion "1"]
[SourceVersionDate "2023.05.31"]
[SourceQuality "1"]

1. c4 Nf6 2. Nc3 g6 3. g3 Bg7 4. Bg2 0-0 5. Nf3 d6 6. 0-0 e5 7. d3 Re8 8. Ne1 c6 9. Nc2 d5 10. cxd5 Nxd5 11. Nxd5 cxd5 12. Nb4 Be6 13. Qa4 Nd7 14. e4 Nc5 15. Qb5 Rc8 16. Nxd5 a6 17. Qb4 a5 18. Qb5 Qd6 19. Be3 Qa6 20. Qxa6 bxa6 21. Rfd1 Na4 22. Rd2 Bxd5 23. exd5 e4 24. dxe4 Bxb2 25. Rb1 Bc1 26. Rd3 Bxe3 27. Rxe3 Rc2 28. a3 f6 29. h4 Rc3 30. Rxc3 Nxc3 31. Rb6 Nxe4 32. Rxa6 Nd2 33. Rxa5 Nc4 34. Ra6 Re1+ 35. Kh2 Ne5 36. Bh3 f5 37. Re6 Re4 38. Kg2 Kf7 39. a4 Nc4 40. Rxe4 fxe4 41. Bd7 Ke7 42. Bb5 Nb6 43. Bc6 Nc4 44. g4 h6 45. f3 e3 46. f4 Nd2 47. a5 Kd6 48. a6 Ne4 49. Kf3 1-0

[Event "San Sebastian op 43rd"]
[Site "San Sebastian"]
[Date "2023.04.01"]
[Round "1"]
[White "Gerrikabeitia Uriarte, Antxoka"]
[Black "Narciso Dublan, Marc"]
[Result "0-1"]
[WhiteElo "1784"]
[BlackElo "2429"]
[PlyCount "71"]
[EventDate "2023.04.01"]
[EventType "swiss"]
[EventRounds "9"]
[EventCountry "ESP"]
[SourceTitle "CBM 213 Extra"]
[Source "ChessBase"]
[SourceDate "2023.05.31"]
[SourceVersion "1"]
[SourceVersionDate "2023.05.31"]
[SourceQuality "1"]

1. d4 Nf6 2. Bf4 g6 3. e3 Bg7 4. Nd2 d6 5. Be2 0-0 6. h3 Nbd7 7. Ngf3 b6 8. 0-0 Bb7 9. c3 c5 10. Qc2 Rc8 11. Rad1 Rc7 12. Rfe1 Qa8 13. Bf1 Ne4 14. Qb1 Ndf6 15. Qa1 h6 16. Nxe4 Nxe4 17. Nd2 Ng5 18. Bxg5 hxg5 19. a4 Bc6 20. b4 cxb4 21. cxb4 Rfc8 22. b5 Bd5 23. Rc1 Rc2 24. Rxc2 Rxc2 25. Qd1 Qc8 26. e4 Be6 27. d5 Bd7 28. Nf3 Qc5 29. Re3 g4 30. hxg4 Bxg4 31. Qd3 Bh6 32. Re2 Rc3 33. Qd2 Qa3 34. Qd4 Bg7 35. Qd1 Rc8 36. Re3 0-1